000 00407nam a2200157Ia 4500
008 210210b1973 xxu||||| |||| 00| 0 eng d
020 _a0 7069 0285 8
082 _a330 SUNP
100 _aSUNDHARAM (K P M) & VAISH (M C).
245 _aPrinciples of economics.
250 _a
260 _aAgra
_bVikas Publishing House Pvt Ltd.
_c1973
300 _a772
690 _aEconomic Theory
906 _aSG01301
999 _c112800
_d112800